Donald Trump Cabinet Members by Picture - Statistics

General Stats
  • This quiz has been taken 141 times
  • The average score is 10 of 16
Answer Stats
Picture Hint Answer % Correct
Vice President J. D. Vance
99%
Vice President Mike Pence
93%
Secretary of Health and Human Services Robert F. Kennedy, Jr.
92%
Secretary of State Marco Rubio
88%
Secretary of Defense Pete Hegseth
73%
Ambassador to the UN Nikki Haley
71%
Director of National Intelligence Tulsi Gabbard
65%
Attorney General Pam Bondi
64%
Secretary of Homeland Security Kristi Noem
62%
Secretary of State Mike Pompeo
54%
Secretary of Transportation Ben Carson
50%
Secretary of Treasury Scott Bessent
45%
Attorney General William Barr
44%
Secretary of the Interior Doug Burgum
40%
Chief of Staff Susie Wiles
34%
Secretary of Education Betsy DeVos
29%
No matching quizzes found
Score Distribution
Percent of People with Each Score
Percentile by Number Answered
Your Score History
You have not taken this quiz